000 00473nam a2200169 i 4500
001 51744
003 ES-MaACL
005 20240510063041.0
007 t|
008 030818s1899 it ||||1| ita d
100 1 _aD'Annunzio, Gabriele,
_d1863-1938
_942351
245 1 3 _aLa Gioconda
_b: tragedia /
_cGabriele D'Annunzio.
260 _aMilano :
_bFratelli Treves,
_c1899.
300 _a218 p. ;
_c19 cm.
852 _aES-MaACL
_jF-9238
999 _c51744
_d51744